La résistance et la perméabilité des vaisseaux capillaires et la vitamine P ... (Record no. 38102)
[ view plain ]
| 000 -LEADER | |
|---|---|
| fixed length control field | 00667cam a22002291 4500 |
| 001 - CONTROL NUMBER | |
| control field | med47000507 |
| 003 - CONTROL NUMBER IDENTIFIER | |
| control field | DLC |
| 005 - DATE AND TIME OF LATEST TRANSACTION | |
| control field | 20260227111559.0 |
| 008 - FIXED-LENGTH DATA ELEMENTS--GENERAL INFORMATION | |
| fixed length control field | 810725s1946 xx 000 0 fre |
| 010 ## - LIBRARY OF CONGRESS CONTROL NUMBER | |
| LC control number | med47000507 |
| 035 ## - SYSTEM CONTROL NUMBER | |
| System control number | (OCoLC)14748634 |
| 040 ## - CATALOGING SOURCE | |
| Original cataloging agency | DLC |
| Transcribing agency | DNLM |
| Modifying agency | DLC |
| 042 ## - AUTHENTICATION CODE | |
| Authentication code | premarc |
| 050 00 - LIBRARY OF CONGRESS CALL NUMBER | |
| Classification number | QP111 |
| Item number | .G3 1946 |
| 060 00 - NATIONAL LIBRARY OF MEDICINE CALL NUMBER | |
| Classification number | QU 220 |
| Item number | G177r 1946 |
| 060 00 - NATIONAL LIBRARY OF MEDICINE CALL NUMBER | |
| Classification number | Film 5984 no. 4 |
| 100 1# - MAIN ENTRY--PERSONAL NAME | |
| Personal name | Galmiche, Paul, |
| Dates associated with a name | 1914- |
| 245 13 - TITLE STATEMENT | |
| Title | La résistance et la perméabilité des vaisseaux capillaires et la vitamine P ... |
| 260 ## - PUBLICATION, DISTRIBUTION, ETC. | |
| Place of publication, distribution, etc. | Paris, |
| Name of publisher, distributor, etc. | Librairie Le François |
| Date of publication, distribution, etc. | [1946?] |
| 300 ## - PHYSICAL DESCRIPTION | |
| Extent | 144 p. |
| Other physical details | ill. |
| 500 ## - GENERAL NOTE | |
| General note | Microfilmed for preservation |
| Institution to which field applies | DNLM |
No items available.